| 000 | 00656cam a2200229 4500 | ||
|---|---|---|---|
| 001 | ABS61983 | ||
| 008 | 000000n2000 000 0 eng u | ||
| 035 | _a(Sirsi) u104639 | ||
| 100 | _aShaw, D. | ||
| 245 | _aScottish lead on rights | ||
| 260 | _c2000 | ||
| 490 |
_aProperty Week _v65(9) 3 March 2000 |
||
| 520 | _aExplains the lessons learned by the Scottish property industry from implementation of many aspects of the Human Rights Act 1998. | ||
| 590 | _aABS | ||
| 650 | _aHUMAN RIGHTS ACT 1998 | ||
| 650 | _aSCOTLAND ACT 1998 | ||
| 650 | _aPUBLIC AUTHORITY | ||
| 650 | _aDISTRESS | ||
| 650 | _aPOINDING | ||
| 690 | _aLAW | ||
| 942 | _n0 | ||
| 999 |
_c62781 _d62781 |
||